000
00271nam a2200109Ia 4500
008
210430s9999 xx 000 0 und d
082
_a
954.914 D947M
100
_a
Tehmina Durrani
_9
54545
245
_a
My Feudal Lord
_c
Tehmina Durrani
300
_a
365
942
_c
BK
_2
ddc
999
_c
565165
_d
565165